00236pab a2200097 454500008003600000100001600036245003600052650001900088650001100107773002000118180718b xxu||||| |||| 00| 0 eng d aMarwah, Ved aBombay Police - what went wrong a Bombay Police aPolice aHindustan times